Introduction to microwave remote sensing (Record no. 17552)
[ view plain ]
| 000 -LEADER | |
|---|---|
| fixed length control field | 00351nam a22001457a 4500 |
| 003 - CONTROL NUMBER IDENTIFIER | |
| control field | OSt |
| 008 - FIXED-LENGTH DATA ELEMENTS--GENERAL INFORMATION | |
| fixed length control field | 220826b |||||||| |||| 00| 0 eng d |
| 020 ## - INTERNATIONAL STANDARD BOOK NUMBER | |
| ISBN | 0415271231 |
| 082 ## - DEWEY DECIMAL CLASSIFICATION NUMBER | |
| Classification number | 621.3678 |
| Item number | WOO/IN |
| 100 ## - MAIN ENTRY--AUTHOR NAME | |
| Personal name | Woodhouse, lain H |
| 245 ## - TITLE STATEMENT | |
| Title | Introduction to microwave remote sensing |
| 260 ## - PUBLICATION, DISTRIBUTION, ETC. (IMPRINT) | |
| Name of publisher | taylor&francis |
| 300 ## - PHYSICAL DESCRIPTION | |
| Number of Pages | 370 |
| 942 ## - ADDED ENTRY ELEMENTS (KOHA) | |
| Koha item type | Books |
| Withdrawn status | Lost status | Damaged status | Collection code | Home library | Current library | Shelving location | Date acquired | Full call number | Accession Number | Koha item type |
|---|---|---|---|---|---|---|---|---|---|---|
| General Books | KAUAET | KAUAET | General Stacks | 26/08/2022 | 621.3678 WOO/IN | 22269 | Books |
